000 01073nam a22002537a 4500
999 _c65396
_d65396
005 20240530110822.0
008 190711s2018 ua a g 000 0 ara d
017 _bمصر. دار الكتب
020 _a9789933572389
040 _aEG-CaGPL
_cEG-CaGPL
082 0 4 _221
_a953.071 /
_bهـ ث
100 0 _aهبة محمد عبدالموجود محمد
245 1 2 _aالثغور الاندلسية منذ الفتح الاسلامى حتى سقوط الخلافة الاموية بالاندلس :
_b92 - 422 هـ / 711 - 1031 م /
_cاعداد هبة محمد عبدالموجود محمد
250 _aط.1
260 _aدمشق :
_bصفحات للدراسات والنشر والتوزيع،
_c2018 .
300 _a236 ص. ؛
_c24 سم.
650 0 7 _aالفتوحات الاسلامية
_2qrmak
650 0 7 _aالمساجد
_zطليطلة
650 0 7 _aفتح الاندلس
650 0 7 _aالحضارة الاسلامية
_2qrmak
650 0 7 _aالدولة الاموية
_2qrmak
942 _2ddc
_cBK